Metódy práce s využitím videosekvencií v edukačnom procese v predmete slovenský jazyk a literatúra výťah z atestačnej práce na druhú atestáciu v predmete slovenský jazyk a literatúra

Bibliographic Details
Main Author: Gnidová, Anette Mária (Author)
Format: Article
Language:Slovak
ISSN:1335-0404
Subjects:
Online Access:www.mpc-edu.sk/casopis/pedagogicke-rozhlady

MARC

LEADER 00000nab a2200000 4500
001 vtls011903981
003 SK-MaSNL
005 20260303191005.0
008 191128|2017 xo |||| || ||00 0|slo
015 |a SNBRB2019/11 
040 |a SPKCL  |b slo  |e rda 
041 |a slo 
044 |a xo  |c SK 
072 7 |a 81  |x Lingvistika. Jazyky  |2 konspekt 
080 |a 37=162.4  |x (086.8)  |2 2011 
100 1 |a Gnidová, Anette Mária  |4 aut  |9 1219921 
245 1 0 |a Metódy práce s využitím videosekvencií v edukačnom procese v predmete slovenský jazyk a literatúra  |b výťah z atestačnej práce na druhú atestáciu v predmete slovenský jazyk a literatúra  |c Anetta Mária Gnidová 
336 |a text  |b txt  |2 rdacontent 
337 |a bez média  |b n  |2 rdamedia 
338 |a zväzok  |b nc  |2 rdacarrier 
650 0 7 |a slovenčina  |2 SNKPH  |9 1350 
650 0 7 |a literatúra  |2 SNKPH  |9 1427 
650 0 7 |a videozáznam  |2 SNKPH  |9 22981 
773 0 |t Pedagogické rozhľady (online)  |g Roč. 26, č. 3 (2017), s. 25-29  |x 1335-0404 
856 4 1 |u www.mpc-edu.sk/casopis/pedagogicke-rozhlady 
999 |c 2138939  |d 2140869